| Поле | Название | Значение |
| |
Тип записи |
a |
| |
Библиографический уровень |
c |
| 001 |
Контрольный номер |
e23cc86e9fd041d087e7b210343e323d |
| 005 |
Дата корректировки |
20201206204559.1 |
| 010 |
Индекс ISBN |
__ |
| d |
Цена |
2-40 |
| 101 |
Язык документа |
__ |
| a |
Язык текста |
rus |
| c |
Язык оригинала |
rus |
| 200 |
Заглавие и сведения об ответственности |
__ |
| a |
Заглавие |
Нескучный сад |
| e |
Сведения, относящиеся к заглавию |
повесть, романы, рассказы |
| f |
Первые сведения об ответственности |
Амлинский В. И. |
| b |
Общее обозначение материала |
Текст |
| 210 |
Выходные данные |
__ |
| a |
Место издания |
М. |
| c |
Издательство |
Молодая гвардия |
| d |
Дата издания |
1979 |
| 215 |
Физическое описание |
__ |
| a |
Объем |
607 с. |
| c |
Иллюстрации/тип воспроизводства |
ил. |
| 330 |
Аннотация |
__ |
| a |
Аннотация |
Через все произведения проходит главная тема - духовное самоопределение личности молодого человека. Автор исследует нравственный опыт поколения 50-60-х гг. и характеры сегодняшней молодежи с ее поисками, свершениям, удачами и неудачами, стремлением жить по совести. |
| 517 |
Другие варианты заглавия |
__ |
| a |
Другие варианты заглавия |
Тучи над городом встали (повесть) |
| 517 |
Другие варианты заглавия |
__ |
| a |
Другие варианты заглавия |
Возвращение брата (роман) |
| 517 |
Другие варианты заглавия |
__ |
| a |
Другие варианты заглавия |
Баллада о Вальке Зыкове |
| 517 |
Другие варианты заглавия |
__ |
| a |
Другие варианты заглавия |
В стихах это необыкновенно |
| 517 |
Другие варианты заглавия |
__ |
| a |
Другие варианты заглавия |
Мансур - бунтующая целина (рассказ) |
| 517 |
Другие варианты заглавия |
__ |
| a |
Другие варианты заглавия |
Чистое сердце горниста (рассказ) |
| 517 |
Другие варианты заглавия |
__ |
| a |
Другие варианты заглавия |
Мы еще вернемся за подснежниками (рассказ) |
| 517 |
Другие варианты заглавия |
__ |
| a |
Другие варианты заглавия |
Двое в квартире (рассказ) |
| 517 |
Другие варианты заглавия |
__ |
| a |
Другие варианты заглавия |
Первая бессоница |
| 517 |
Другие варианты заглавия |
__ |
| a |
Другие варианты заглавия |
Станция первой любви |
| 517 |
Другие варианты заглавия |
__ |
| a |
Другие варианты заглавия |
Над рекой Кизир |
| 517 |
Другие варианты заглавия |
__ |
| a |
Другие варианты заглавия |
Каролина-бугаз |
| 517 |
Другие варианты заглавия |
__ |
| a |
Другие варианты заглавия |
Дет мороз сорок третьего года |
| 517 |
Другие варианты заглавия |
__ |
| a |
Другие варианты заглавия |
Султан-Санджар |
| 606 |
Тематические рубрики |
__ |
| a |
Основная рубрика |
Художественная литература |
| 606 |
Тематические рубрики |
__ |
| a |
Основная рубрика |
Русская литература XX в. (произведения) |
| z |
Хронологическая подрубрика |
20 в. |
| y |
Географическая подрубрика |
Россия |
| 610 |
Ключевые слова |
__ |
| a |
Ключевые слова |
проза; романы; повести; рассказы; тема любви; тема нравственности; тема духовных исканий; тема жизни |
| 686 |
Индексы других классификаций |
__ |
| a |
Классификационный индекс |
84(2Рос=Рус)6-4 |
| 700 |
Автор |
_1 |
| a |
Фамилия |
Амлинский |
| b |
Имя |
В. И. |
| 4 |
Код отношения |
070 |
| 801 |
Источник записи |
_0 |
| a |
Страна |
RU |
| b |
Организация |
Муниципальное бюджетное учреждение культуры "Централизованная библиотечная система" г. Сургут (Центральная городская библиотека им. А. С. Пушкина) |
| g |
Правила каталогизации |
КиК/Лебедева |
| 801 |
Источник записи |
_1 |
| a |
Страна |
RU |
| b |
Организация |
Муниципальное бюджетное учреждение культуры "Централизованная библиотечная система" г. Сургут (Центральная городская библиотека им. А. С. Пушкина) |
| g |
Правила каталогизации |
КиК/Лебедева |
| 852 |
Данные о местонахождении |
__ |
| j |
Шифр хранения |
84(2Рос=Рус)6-4 |
| c |
Каталожный индекс |
84(2Рос=Рус)6-4 |
| i |
Авторский знак |
А 62 |
| p |
Инвентарный номер |
146497(с) |
| 901 |
Тип документа |
__ |
| t |
Тип документа |
x |
| 903 |
Характеристики (МАРС) |
__ |
| a |
Дата передачи |
20080526 |
| 969 |
Тип издания |
__ |
| a |
Тип издания |
сборник |
| 990 |
Данные о заказе (DOS) |
00 |
| j |
Количество экземпляров (DOS) |
1 |
| t |
N записи в КСУ для И/У (DOS) |
ретро 2 |